Taylor Swift - Quiz sur le Eras Tour - Statistiques

Statistiques générales
  • Ce quiz a été pris 311 fois
    149 depuis la dernière actualisation
  • Le résultat moyen est 26 sur 61
Statistiques - réponses
Hint Réponse % Correct
Setlist Combien y a-t-il d'era dans le concert (sans l'acoustic set) ? 9
92%
Les chiffres Combien de show ont eu lieu en Amérique du Sud ?
(Brésil + Argentine)
9
92%
Setlist Quel est l'era avec le moins de chansons ? Speak Now Era
90%
Setlist Quel album ne fait pas parti de la setlist ? Taylor Swift
88%
Surprise Song Les instruments Guitar
87%
Surprise Song Les instruments Piano
87%
Les chiffres Combien d'année dure la tournée ? 2 ans
86%
Setlist Quel est l'era avec le plus de chansons ? folklore/evermore Era
78%
Quels albums ont été annoncé à l'occasion de la tournée ? 2nd 1989 (Taylor's Version)
76%
Que c'est-il passé ? 9 août 2023 Annonce 1989 Taylor's Version
76%
Que c'est-il passé ? 6 mai 2023 Annonce Speak Now Taylor's Version
74%
Quels albums ont été annoncé à l'occasion de la tournée ? 1er Speak Now (Taylor's Version)
74%
Les chiffres The Eras Tour est la combientième tournée de Taylor Swift ? 6e
71%
Artistes des premières parties Amérique du Sud + Océanie + Asie Sabrina Carpenter
71%
Les chiffres Combien de show ont eu lieu en Asie ? (Japon + Singapoure) 10
70%
Début/fin Où la tournée va se clôturer ? Vancouver
70%
Artistes des premières parties États-Unis + Canada Gracie Abrams
65%
Setlist Combien y a-t-il de chansons sur la setlist (sans l'acoustic set) ? 44
63%
Artistes des premières parties États-Unis + Europe Paramore
63%
Les chiffres Combien de show ont eu lieu en Océanie ? (Australie) 7
60%
Surprise Song Quel chanson a été la plus répété en surprise song You're On Your Own, Kid
60%
Le film Quelles sont les surprise song du film ? You're On Your Own, Kid
60%
Le film Sur quelle plateforme est-il disponible ? Disney+
58%
Random Quelle catastrophe naturelle a été causé par un show aux États-Unis ? Un tremblement de terre
58%
Surprise Song Chanson d'une autre artiste qu'elle a performé en tant que Surprise Songs us. de Gracie Abrams
57%
Les chiffres Dans combien de pays la tournée a été en tout ? 20
55%
Surprise Song Chanson d'une autre artiste qu'elle a performé en tant que Surprise Songs Espresso et Please, Please, Please de Sabrina Carpenter
54%
Le film Quelles sont les surprise song du film ? Maroon
49%
Le film Quelles sont les surprise song du film ? Our Song
43%
Début/fin Où la tournée a-t-elle commencé ? Glendale
42%
Surprise Song Première surprise song Tim McGraw
38%
Les chiffres Combien y a-t'il de shows en tout ? 152
34%
Artistes des premières parties Londres Benson Boone
34%
Début/fin Quand la tournée va se clôturer ? 9 décembre 2024
29%
Début/fin Quand la tournée a-t-elle commencé ? 17 mars 2023
25%
Les chiffres Combien de show ont eu lieu en Europe ? (Allemagne + Autriche + Espagne + France + Irlande + Italie + Pays-Bas + Pologne + Portugal + Royaume-Uni + Suède + Suisse) 51
25%
Surprise Song Première surprise song mirrorball
25%
Que c'est-il passé ? 8 juillet 2023 Clip de I Can See You
23%
Le film Quelles sont les surprise song du film ? I Can See You
20%
Les chiffres Combien de show ont eu lieu en Amérique du Nord ?
(US + Mexique + Canada)
79
19%
Le film Quelles sont les surprise song du film ? You Are In Love
19%
Surprise Song Chanson d'une autre artiste qu'elle a performé en tant que Surprise Songs I Love You, I'm Sorry de Gracie Abrams
18%
Le film Quelles sont les surprise song du film ? Death By a Thousand Cuts
17%
Surprise Song Chanson d'une autre artiste qu'elle a performé en tant que Surprise Songs Thinking Out Loud de Ed Sheeran
17%
Le film Quelle est le nom complet du film de la tournée ? Taylor Swift: The Eras Tour
16%
Que c'est-il passé ? 23 juin 2024 Apparition de Travis Kelce sur scène
15%
Artistes des premières parties États-Unis Haim
14%
Artistes des premières parties États-Unis Phoebe Bridgers
13%
Le film À quelle cérémonie le film a été nommé pour la "Meilleure performance au box-office" ? Golden Globes
11%
Surprise Song Dernière surprise song Long Live, New Year's Day & The Manuscript
11%
Le film Quelle est sa date de sortir ? 13 octobre 2023
10%
Artistes des premières parties États-Unis Gayle
9%
Surprise Song Dernière surprise song A Place in This World & New Romantics
8%
Que c'est-il passé ? 9 mai 2024 Arrivée de la The Tortured Poets Department Era / Nouveau Eras Tour
8%
Artistes des premières parties États-Unis Girl in Red
8%
Surprise Song Chanson d'une autre artiste qu'elle a performé en tant que Surprise Songs I miss you, I'm sorry de Gracie Abrams
8%
Artistes des premières parties États-Unis Beabadoobee
7%
Artistes des premières parties Londres Griff
5%
Artistes des premières parties États-Unis Muna
4%
Artistes des premières parties États-Unis Owenn
3%
Artistes des premières parties Londres METTE
2%
Aucun quiz correspondant
Distribution des résultats
% des personnes avec chaque résultat
Percentile par nombre de réponses
Votre historique - résultats
Vous n’avez pas pris ce quiz depuis la dernière actualisation